| 000 | 00564cam a2200193 4500 | ||
|---|---|---|---|
| 008 | 020301n2001 000 0 eng u | ||
| 020 | _a0117535966 | ||
| 035 | _a(Sirsi) u116938 | ||
| 041 | _aeng. | ||
| 050 | _a692.21 | ||
| 110 |
_aDepartment for Environment, Transport and the Regions _94203 |
||
| 245 | _aBuilding regulations and fire safety procedural guidance | ||
| 260 |
_aLondon _bStationery Office _c2001 |
||
| 350 | _a6.00 | ||
| 650 | _aFIRE PREVENTION | ||
| 650 |
_aHEALTH AND SAFETY _96244 |
||
| 650 |
_aBUILDING REGULATIONS _96224 |
||
| 942 | _n0 | ||
| 999 |
_c101927 _d101927 |
||